01181cam a2200253 a 450000100060000000300080000600500170001400800390003103500190007004000270008904100080011608200200012410000460014424502480019026000920043830000570053050001230058765100460071065100400075665100450079670000400084170000250088175200210090624565BD-RjUL20211209001052.0140313r19681840enkab 000 0 eng a(BD-RjUL)24633 aDLCcIULbengdBD-RjUL aeng04a915.3bWET 19681 aWellsted, J. R.q(James Raymond),d-1842.10aTravels to the City of the caliphs, along the shores of the Persian Gulf and the Mediterranean. :bIncluding a voyage to the coast of Arabia, and a tour on the island of Socotra /cBy J. R. Wellsted ... author of "Travels in Arabia."nVolume-1 aLondon: :bHenry Colburn, publisher, Great Marlborough Street.,c1840 [published 1968]. aV-1 (xiii, 405 p.) :bfronts., fold. map ;c23.5 cm. aMainly the notes and relations of Lieutenant Ormsby, of the Indian navy, prepared for the press by Wellsted.--Preface. 0aArabian PeninsulaxDescription and travel 0aMiddle EastxDescription and travel 0aSocotra (Yemen)xDescription and travel.1 aColburn, Henry,d-1855,epublisher.1 aOrmsby,cLieutenant. aEnglanddLondon.